000 00264cam a22000977a 4500
008 180718b1998 xxu||||| |||| 00| 0 eng d
100 _aKumar, Narender
245 _aTeen mahan krantikari
_cby Narender Kumar
260 _adelhi
_bSahitiya Mandir
_c1998
300 _a32p.
999 _c440121
_d440121